Feng shui : harmonie v partnerství a lásce /

Hlavní autor: Sator, Günther
Jazyk: Čeština
Vydáno: Praha : Ottovo nakladatelství, divize Cesty, 2002
Vydání: 1. české vyd.
Témata:
sex
Fyzický popis: 168 s. : barev. il. ; 25 cm
Knihy
Uloženo v:
LEADER 01297nam a2200409 a 4500
001 000626962
003 CZ BrMZK
005 20120221133458.0
007 ta
008 021002s2002 xr e f cze d
015 |a cnb000891815 
020 |a 80-7181-714-7 
035 |a (OCoLC)53268961 
040 |a BOA001  |b cze 
041 1 |a cze  |h ger 
072 7 |a 316.4/.7  |x Sociální interakce  |2 Konspekt  |9 18 
080 |a 613.88  |2 MRF 
080 |a 221-852.5  |2 MRF 
080 |a 316.472.42  |2 MRF 
080 |a 177.6  |2 MRF 
080 |a (035)  |2 MRF 
100 1 |a Sator, Günther  |7 mzk2002148097  |4 aut 
245 1 0 |a Feng shui :  |b harmonie v partnerství a lásce /  |c Günther Sator 
250 |a 1. české vyd. 
260 |a Praha :  |b Ottovo nakladatelství, divize Cesty,  |c 2002 
300 |a 168 s. :  |b barev. il. ;  |c 25 cm 
500 |a Přeloženo z němčiny 
504 |a Obsahuje rejstřík 
650 0 7 |a feng šuej  |7 ph114530  |2 czenas 
650 0 7 |a partnerské vztahy  |7 ph115684  |2 czenas 
650 0 7 |a láska  |7 ph117230  |2 czenas 
650 0 7 |a sex  |7 ph125495  |2 czenas 
655 7 |a příručky  |7 fd133209  |2 czenas 
765 0 |t Feng shui  |9 Česky 
910 |a BOA001  |b 2-1107.337 
990 |a BK 
996 6 |b 2610171569  |c 2-1107.337  |l MZK  |r Sklad / do 1 hodiny  |n 16  |p p.v.  |w 000626962  |u 000010  |a 1  |e BOA001  |j MZK50  |s P